Most Streamed Chance the Rapper Songs - Statistics

General Stats
  • This quiz has been taken 3 times
  • The average score is 13 of 20
Answer Stats
# Streams Answer % Correct
4 680,591,696 All My Friends
100%
9 313,312,597 All Night
100%
16 181,462,069 All We Got
100%
12 224,241,624 Cocoa Butter Kisses
100%
8 422,013,509 Cross Me
100%
3 887,284,928 Holy
100%
10 307,088,805 Juke Jam
100%
6 536,318,166 No Problem
100%
11 230,279,506 Same Drugs
100%
15 185,219,627 Angels
50%
2 1,123,717,382 Confident
50%
13 218,777,150 Hot Shower
50%
1 1,397,442,823 I'm the One
50%
19 169,816,200 I. The Worst Guys
50%
5 641,734,504 No Brainer
50%
7 468,145,226 PTSD
50%
20 167,927,775 Smoke Break
50%
17 170,519,116 Baby Blue
0%
14 191,013,070 Childs Play
0%
18 170,329,924 Living Single
0%
No matching quizzes found
Score Distribution
Percent of People with Each Score
Percentile by Number Answered
Your Score History
You have not taken this quiz